[Event "LTU ch Semifinal 2021"]
[Site "Kaunas"]
[Date "2021.09.26"]
[Round "4"]
[Board "10"]
[White "Plutaite, Ausra"]
[Black "Greicius, Pijus"]
[Result "0-1"]
[WhiteElo "1472"]
[BlackElo "2080"]
[PlyCount "50"]
[EventDate "2021.09.24"]
[EventRounds "8"]
[EventCountry "LTU"]

1. e4 e5 2. Nf3 Nc6 3. Bc4 Nf6 4. Ng5 d5 5. exd5 Na5 6. Bb5+ c6 7. dxc6 bxc6 8.
Bd3 Nd5 9. Nf3 Bd6 10. O-O O-O 11. Nxe5 Bxe5 12. Qh5 f5 13. g3 g6 14. Qe2 Re8
15. Re1 Bd7 16. Qf1 Nb7 17. Nc3 Nd6 18. Bc4 Nxc4 19. Qxc4 Bxc3 20. Rxe8+ Qxe8
21. dxc3 Qe1+ 22. Kg2 Re8 23. Qc5 f4 24. gxf4 Qe4+ 25. Kg1 Bh3  0-1

[Event "LTU ch Semifinal 2021"]
[Site "Kaunas"]
[Date "2021.09.26"]
[Round "4"]
[Board "11"]
[White "Zilakauskis, Steponas"]
[Black "Kavaliauskas, Tomas"]
[Result "1-0"]
[WhiteElo "1773"]
[BlackElo "1361"]
[PlyCount "61"]
[EventDate "2021.09.24"]
[EventRounds "8"]
[EventCountry "LTU"]

1. d4 Nf6 2. Nf3 d5 3. c4 c6 4. Bg5 e6 5. Nc3 Be7 6. Qc2 Nbd7 7. cxd5 exd5 8.
e3 h6 9. Bf4 Nh5 10. Bd3 Nxf4 11. exf4 Nf6 12. O-O O-O 13. Rfe1 Bg4 14. Ne5 Bh5
15. f3 Nd7 16. Ne2 Nxe5 17. fxe5 f6 18. Ng3 Bf7 19. f4 fxe5 20. dxe5 Qb6+ 21.
Kh1 Qc5 22. Qe2 Bh4 23. Nf5 g5 24. e6 Be8 25. Qe5 Rxf5 26. Qxf5 Qe7 27. g3 Bh5
28. Re3 Rf8 29. Qe5 gxf4 30. gxh4 fxe3 31. Rg1+  1-0

[Event "LTU ch Semifinal 2021"]
[Site "Kaunas"]
[Date "2021.09.26"]
[Round "4"]
[Board "12"]
[White "Praspaliauskas, Matas"]
[Black "Povilaitis, Matas"]
[Result "0-1"]
[WhiteElo "1313"]
[BlackElo "1720"]
[PlyCount "120"]
[EventDate "2021.09.24"]
[EventRounds "8"]
[EventCountry "LTU"]

1. e4 c5 2. Nf3 Nc6 3. d4 cxd4 4. Nxd4 e5 5. Nb5 d6 6. N1c3 a6 7. Na3 b5 8. Nd5
Nge7 9. c4 Nxd5 10. cxd5 Nd4 11. Be3 Qa5+ 12. Bd2 Qb6 13. Be3 g6 14. Bd3 Qa5+
15. Qd2 Qxd2+ 16. Bxd2 f5 17. f3 Be7 18. O-O f4 19. Rac1 Bd8 20. Be1 g5 21. Bf2
Bd7 22. Rfd1 h5 23. h3 g4 24. Bxd4 exd4 25. Kh2 Rg8 26. Bf1 Bb6 27. Nc2 gxh3
28. gxh3 Kf7 29. Nxd4 Rg3 30. Bg2 Rag8 31. Rc2 Kf6 32. h4 b4 33. b3 a5 34. Rdd2
Rxg2+ 35. Rxg2 Rxg2+ 36. Rxg2 Bxd4 37. Rg8 Ke7 38. Rg5 Be8 39. Rg2 Bf6 40. Rc2
Bxh4 41. Rc7+ Bd7 42. Ra7 Bg3+ 43. Kh1 h4 44. Rxa5 h3 45. Ra7 Bf2 46. Rb7 Be1
47. Rc7 Kd8 48. Rc1 Bg3 49. Rc2 Bb5 50. Kg1 Ke7 51. a3 bxa3 52. Ra2 Kf6 53.
Rxa3 Ke5 54. Ra2 Kd4 55. Rc2 Bd3 56. Rb2 Kc3 57. Ra2 Kxb3 58. Rh2 Bxh2+ 59.
Kxh2 Be2 60. Kxh3 Bxf3  0-1

[Event "LTU ch Semifinal 2021"]
[Site "Kaunas"]
[Date "2021.09.26"]
[Round "4"]
[Board "13"]
[White "Misiuk, Martynas"]
[Black "Barsciauskas, Gintautas"]
[Result "1-0"]
[WhiteElo "1657"]
[BlackElo "1544"]
[PlyCount "49"]
[EventDate "2021.09.24"]
[EventRounds "8"]
[EventCountry "LTU"]

1. e4 d6 2. d4 Nd7 3. Bc4 c6 4. Ne2 e5 5. O-O Ngf6 6. f4 Be7 7. Nbc3 O-O 8. Qe1
b5 9. Bd3 Qb6 10. Ng3 Re8 11. Kh1 Bf8 12. Nf5 g6 13. fxe5 dxe5 14. Nh6+ Bxh6
15. Bxh6 exd4 16. Ne2 Ng4 17. Bg5 f6 18. Qh4 fxg5 19. Qxg4 c5 20. Qxg5 Bb7 21.
Ng3 Ne5 22. Nh5 Re6 23. Rf6 c4 24. Raf1 a6 25. Qh6  1-0

[Event "LTU ch Semifinal 2021"]
[Site "Kaunas"]
[Date "2021.09.26"]
[Round "4"]
[Board "14"]
[White "Slusnys, Evaldas"]
[Black "Vaiciunas, Giedrius"]
[Result "0-1"]
[WhiteElo "1747"]
[BlackElo "1553"]
[PlyCount "104"]
[EventDate "2021.09.24"]
[EventRounds "8"]
[EventCountry "LTU"]

1. e4 e6 2. Nf3 d5 3. e5 c5 4. b4 cxb4 5. d4 Nc6 6. a3 bxa3 7. Bxa3 Bxa3 8.
Nxa3 Nge7 9. Nb5 O-O 10. Bd3 h6 11. c3 f5 12. Nd6 Ng6 13. Nxc8 Rxc8 14. Qd2 Nh4
15. Nxh4 Qxh4 16. O-O f4 17. f3 a6 18. Rfb1 Rc7 19. c4 Qd8 20. cxd5 Qxd5 21.
Be4 Qxd4+ 22. Qxd4 Nxd4 23. Rxb7 Rxb7 24. Bxb7 Rb8 25. Bxa6 Ra8 26. Rd1 Nxf3+
27. gxf3 Rxa6 28. Rd8+ Kf7 29. Rd7+ Kf8 30. Kg2 Ra5 31. Rd4 g5 32. Rd7 Rxe5 33.
h4 Rf5 34. hxg5 hxg5 35. Kh3 Rf7 36. Rd6 Ke7 37. Ra6 Rh7+ 38. Kg2 Kf6 39. Rb6
Kf5 40. Rb5+ e5 41. Rb8 Rg7 42. Kh3 Rh7+ 43. Kg2 Re7 44. Rf8+ Kg6 45. Rg8+ Kf6
46. Rf8+ Kg7 47. Rb8 e4 48. fxe4 g4 49. Rb4 Kf6 50. Kf2 Ke5 51. Ke2 Rd7 52. Ra4
Rd4  0-1

[Event "LTU ch Semifinal 2021"]
[Site "Kaunas"]
[Date "2021.09.26"]
[Round "4"]
[Board "15"]
[White "Vazgauskas, Povilas"]
[Black "Zalimas, Ugnius"]
[Result "1-0"]
[WhiteElo "1532"]
[BlackElo "1324"]
[PlyCount "63"]
[EventDate "2021.09.24"]
[EventRounds "8"]
[EventCountry "LTU"]

1. e4 c5 2. Nf3 d6 3. c3 Nf6 4. Qc2 g6 5. Bb5+ Bd7 6. Bxd7+ Qxd7 7. O-O Bg7 8.
e5 Ng4 9. exd6 Qxd6 10. Qe4 Qd7 11. Re1 Nf6 12. Qe3 b6 13. Ne5 Qc7 14. Qf3 Nh5
15. Qxf7+ Kd8 16. Qd5+ Kc8 17. Nf7 Rf8 18. Qxa8 Rxf7 19. Qd5 Rf6 20. g3 Nc6 21.
Na3 a6 22. Nc4 b5 23. Ne3 Ne5 24. f4 Nxf4 25. gxf4 Rxf4 26. Rf1 Rh4 27. Rf2 Bh6
28. d4 Bxe3 29. Bxe3 Ng4 30. Rf8+ Qd8 31. Qa8+ Kc7 32. Bf4+  1-0

[Event "LTU ch Semifinal 2021"]
[Site "Kaunas"]
[Date "2021.09.26"]
[Round "5"]
[Board "1"]
[White "Stremavicius, Pijus"]
[Black "Vedrickas, Tautvydas"]
[Result "1/2-1/2"]
[WhiteElo "2253"]
[BlackElo "2359"]
[PlyCount "64"]
[EventDate "2021.09.24"]
[EventRounds "8"]
[EventCountry "LTU"]

1. e4 c5 2. Nf3 d6 3. Bb5+ Nc6 4. O-O Bd7 5. Re1 Nf6 6. c3 a6 7. Bf1 Bg4 8. h3
Bh5 9. g4 Bg6 10. d4 cxd4 11. cxd4 d5 12. exd5 Nxd5 13. Nc3 e6 14. Bg2 Nxc3 15.
bxc3 Be7 16. Bf4 O-O 17. Ne5 Nxe5 18. Bxe5 Rc8 19. Qb3 Bd6 20. Rac1 b5 21. a4
Bd3 22. axb5 axb5 23. Qd1 Bc4 24. Qd2 Be7 25. Rb1 Qd7 26. Qe3 Bd5 27. Bf1 Bc6
28. Bd3 Qd5 29. Be4 Qxe4 30. Qxe4 Bxe4 31. Rxe4 Rxc3 32. Rxb5 Rd3  1/2-1/2

[Event "LTU ch Semifinal 2021"]
[Site "Kaunas"]
[Date "2021.09.26"]
[Round "5"]
[Board "2"]
[White "Steponavicius, Stasys"]
[Black "Kalvaitis, Sigitas"]
[Result "1/2-1/2"]
[WhiteElo "2194"]
[BlackElo "2171"]
[PlyCount "32"]
[EventDate "2021.09.24"]
[EventRounds "8"]
[EventCountry "LTU"]

1. d4 Nf6 2. c4 g6 3. Nc3 d5 4. cxd5 Nxd5 5. e4 Nxc3 6. bxc3 Bg7 7. Bc4 c5 8.
Ne2 Nc6 9. Be3 O-O 10. Rc1 cxd4 11. cxd4 Qa5+ 12. Kf1 Qa3 13. Rc3 Qd6 14. h4 h5
15. f3 Be6 16. Kf2 Bxc4  1/2-1/2

[Event "LTU ch Semifinal 2021"]
[Site "Kaunas"]
[Date "2021.09.26"]
[Round "5"]
[Board "3"]
[White "Bagdanskis, Dangis"]
[Black "Salna, Aleksandras"]
[Result "0-1"]
[WhiteElo "1893"]
[BlackElo "2230"]
[PlyCount "42"]
[EventDate "2021.09.24"]
[EventRounds "8"]
[EventCountry "LTU"]

1. d4 Nf6 2. c3 c5 3. dxc5 e5 4. b4 a5 5. Qb3 axb4 6. cxb4 b6 7. Nf3 Be7 8.
Nxe5 O-O 9. Be3 d6 10. cxd6 Bxd6 11. Nd3 Be6 12. Qb2 Nc6 13. Nc3 Ne5 14. Nxe5
Bxe5 15. f4 Nd5 16. fxe5 Nxe3 17. Qd2 Qg5 18. Ne4 Qxe5 19. Qxe3 Qxa1+ 20. Kf2
Qe5 21. Ng3 Qxe3+  0-1

[Event "LTU ch Semifinal 2021"]
[Site "Kaunas"]
[Date "2021.09.26"]
[Round "5"]
[Board "4"]
[White "Eigminas, Kipras"]
[Black "Simkunaite, Gabija"]
[Result "1-0"]
[WhiteElo "2140"]
[BlackElo "1948"]
[PlyCount "71"]
[EventDate "2021.09.24"]
[EventRounds "8"]
[EventCountry "LTU"]

1. e4 c5 2. Nf3 Nc6 3. d4 cxd4 4. Nxd4 e5 5. Nb5 d6 6. N1c3 a6 7. Na3 b5 8. Nd5
Nf6 9. Bg5 Be7 10. Bxf6 Bxf6 11. c3 Bg5 12. h4 Be7 13. Nc2 Be6 14. Nce3 Rb8 15.
g3 a5 16. a4 b4 17. Bb5 Bd7 18. O-O O-O 19. Qd3 Na7 20. Bxd7 Qxd7 21. cxb4 axb4
22. Nxe7+ Qxe7 23. Nf5 Qb7 24. Nxd6 Rfd8 25. Nxb7 Rxd3 26. Nc5 Rd2 27. b3 Rbd8
28. Rfc1 f6 29. Na6 R2d4 30. Rc7 Nc8 31. Nc5 Re8 32. a5 Nd6 33. a6 Nb5 34. Rb7
Nd6 35. Rb6 Nc8 36. Rb8  1-0

[Event "LTU ch Semifinal 2021"]
[Site "Kaunas"]
[Date "2021.09.26"]
[Round "5"]
[Board "5"]
[White "Pidluznij, Gleb"]
[Black "Juknis, Paulius"]
[Result "1-0"]
[WhiteElo "2008"]
[BlackElo "2173"]
[PlyCount "101"]
[EventDate "2021.09.24"]
[EventRounds "8"]
[EventCountry "LTU"]

1. d4 g6 2. c4 Bg7 3. Nc3 c5 4. d5 Bxc3+ 5. bxc3 f5 6. e4 fxe4 7. f3 e5 8. d6
Nc6 9. fxe4 Qh4+ 10. g3 Qxe4+ 11. Qe2 Qxe2+ 12. Nxe2 b6 13. Bg2 Ba6 14. Bd5
O-O-O 15. O-O h6 16. g4 Na5 17. Ng3 Bxc4 18. Bxc4 Nxc4 19. Ne4 Rh7 20. Rb1 Kb7
21. Nxc5+ Kc6 22. Ne4 Nxd6 23. Nxd6 Kxd6 24. a4 Kc6 25. Rb5 d6 26. Ba3 Ne7 27.
c4 h5 28. Rf6 Kc7 29. g5 Rg7 30. Kf2 Ng8 31. Re6 Rf7+ 32. Ke2 Ne7 33. Rf6 Rxf6
34. gxf6 Ng8 35. f7 Nh6 36. Bxd6+ Kxd6 37. Rd5+ Kc7 38. Rxd8 Nxf7 39. Rg8 Nd6
40. Rxg6 Nxc4 41. Rg7+ Kd6 42. Rxa7 Kd5 43. Rd7+ Ke4 44. Rh7 Nb2 45. Rxh5 Kd4
46. Rh3 Nxa4 47. Rg3 Nc5 48. h4 Ne6 49. Rg4+ Nf4+ 50. Kf3 b5 51. h5  1-0

[Event "LTU ch Semifinal 2021"]
[Site "Kaunas"]
[Date "2021.09.26"]
[Round "5"]
[Board "6"]
[White "Aleknavicius, Andrius"]
[Black "Morkunas, Gustas"]
[Result "1/2-1/2"]
[WhiteElo "1989"]
[BlackElo "1885"]
[PlyCount "55"]
[EventDate "2021.09.24"]
[EventRounds "8"]
[EventCountry "LTU"]

1. d4 Nf6 2. Bf4 g6 3. Nc3 d5 4. e3 Bg7 5. h4 h5 6. Nf3 O-O 7. Ne5 c5 8. Qd2
Nc6 9. f3 cxd4 10. exd4 Qa5 11. Bb5 Nd8 12. O-O-O a6 13. Ba4 Ne6 14. Bh6 b5 15.
Bxg7 Kxg7 16. Bb3 Bb7 17. g4 b4 18. Na4 Qb5 19. Rde1 Rh8 20. Qe3 Bc8 21. c3 Ra7
22. Bc2 Rc7 23. Reg1 bxc3 24. bxc3 Kf8 25. Kd2 Bd7 26. Rb1 Qa5 27. Rb4 Kg7 28.
g5  1/2-1/2

[Event "LTU ch Semifinal 2021"]
[Site "Kaunas"]
[Date "2021.09.26"]
[Round "5"]
[Board "7"]
[White "Povilaitis, Tomas"]
[Black "Grybas, Gintaras"]
[Result "1-0"]
[WhiteElo "1973"]
[BlackElo "2007"]
[PlyCount "73"]
[EventDate "2021.09.24"]
[EventRounds "8"]
[EventCountry "LTU"]

1. e4 c6 2. c4 d5 3. exd5 cxd5 4. cxd5 Nf6 5. Qa4+ Nbd7 6. Nc3 g6 7. Nf3 Bg7 8.
Bc4 O-O 9. d3 b6 10. O-O Bb7 11. Be3 a6 12. Qa3 b5 13. Bb3 Re8 14. Qb4 Nf8 15.
Bd4 Rb8 16. Be5 Rc8 17. a4 N8d7 18. Bxf6 Nxf6 19. axb5 Nxd5 20. Nxd5 Bxd5 21.
Bxd5 Qxd5 22. bxa6 Rb8 23. Qc4 Qxc4 24. dxc4 Bxb2 25. Ra2 Bf6 26. a7 Ra8 27.
Rb1 Rec8 28. Rb7 Kf8 29. c5 Ke8 30. Kf1 Kd8 31. Rd2+ Ke8 32. Rd3 h5 33. c6 e5
34. Nd2 Rxc6 35. Rb8+ Rc8 36. Rxc8+ Rxc8 37. Rb3  1-0

[Event "LTU ch Semifinal 2021"]
[Site "Kaunas"]
[Date "2021.09.26"]
[Round "5"]
[Board "8"]
[White "Indriunas, Matas"]
[Black "Zilakauskis, Steponas"]
[Result "1/2-1/2"]
[WhiteElo "2205"]
[BlackElo "1773"]
[PlyCount "92"]
[EventDate "2021.09.24"]
[EventRounds "8"]
[EventCountry "LTU"]

1. e4 e6 2. d4 d5 3. Nd2 dxe4 4. Nxe4 Bd7 5. Nf3 Bc6 6. Bd3 Nd7 7. O-O Ngf6 8.
Qe2 Bxe4 9. Bxe4 c6 10. Bd3 Be7 11. c3 O-O 12. h3 Qa5 13. Ne5 Nxe5 14. dxe5 Nd7
15. Re1 Rfe8 16. Bc2 Rad8 17. g3 Qd5 18. h4 Nb6 19. Be4 Qc4 20. Qc2 h5 21. b3
Qc5 22. Be3 Qa5 23. Bd2 Nd7 24. Bf4 Nb6 25. Qe2 g6 26. g4 Nd5 27. Bxd5 Rxd5 28.
gxh5 Qxc3 29. Qg4 Qd3 30. hxg6 Qxg6 31. Qxg6+ fxg6 32. Bg3 Rd4 33. Red1 Red8
34. Rxd4 Rxd4 35. Kg2 Kg7 36. Kf3 Kh6 37. Ke3 c5 38. f4 Kh5 39. Bf2 Kg4 40.
Rg1+ Kf5 41. h5 g5 42. fxg5 Bxg5+ 43. Kf3 Rf4+ 44. Ke2 Re4+ 45. Kf3 Rxe5 46.
Rd1 Rd5  1/2-1/2

[Event "LTU ch Semifinal 2021"]
[Site "Kaunas"]
[Date "2021.09.26"]
[Round "5"]
[Board "9"]
[White "Greicius, Pijus"]
[Black "Misiuk, Martynas"]
[Result "1-0"]
[WhiteElo "2080"]
[BlackElo "1657"]
[PlyCount "35"]
[EventDate "2021.09.24"]
[EventRounds "8"]
[EventCountry "LTU"]

1. Nf3 Nf6 2. c4 g6 3. Nc3 d5 4. cxd5 Nxd5 5. h4 h5 6. e4 Nxc3 7. dxc3 Qxd1+ 8.
Kxd1 Bg4 9. Kc2 Bxf3 10. gxf3 Nd7 11. Be3 e6 12. Rd1 a6 13. b4 Bg7 14. f4 b5
15. e5 c6 16. Bg2 Rc8 17. Rd6 c5 18. Bc6  1-0

[Event "LTU ch Semifinal 2021"]
[Site "Kaunas"]
[Date "2021.09.26"]
[Round "5"]
[Board "10"]
[White "Povilaitis, Matas"]
[Black "Narmontas, Raimondas"]
[Result "1-0"]
[WhiteElo "1720"]
[BlackElo "1983"]
[PlyCount "83"]
[EventDate "2021.09.24"]
[EventRounds "8"]
[EventCountry "LTU"]

1. d4 c5 2. d5 Nf6 3. Bg5 Qb6 4. Nc3 Qxb2 5. Bd2 Qb6 6. Rb1 Qd8 7. e4 d6 8. f4
a6 9. a4 b6 10. Nf3 Bb7 11. Bc4 g6 12. O-O Bg7 13. Qe1 O-O 14. Qh4 Re8 15. f5
Nbd7 16. g4 Nf8 17. g5 N6d7 18. Ne2 Ne5 19. Nxe5 dxe5 20. Qf2 Qd6 21. Rb3 f6
22. Ng3 Bc8 23. h4 Bd7 24. h5 Reb8 25. Qe2 fxg5 26. hxg6 hxg6 27. Bxg5 Bf6 28.
Qg4 b5 29. axb5 axb5 30. Be2 Ra4 31. Bh6 Nh7 32. Qxg6+ Kh8 33. Kf2 Be8 34. Qg4
Bf7 35. Bxb5 Ra2 36. Qe2 Bh4 37. Bc1 Nf6 38. Rh1 c4 39. Rxh4+ Kg7 40. Bxc4 Rc8
41. Bd3 Be8 42. Qe3  1-0

[Event "LTU ch Semifinal 2021"]
[Site "Kaunas"]
[Date "2021.09.26"]
[Round "5"]
[Board "11"]
[White "Bosikis, Titas"]
[Black "Raugevicius, Matas"]
[Result "0-1"]
[WhiteElo "1373"]
[BlackElo "1398"]
[PlyCount "46"]
[EventDate "2021.09.24"]
[EventRounds "8"]
[EventCountry "LTU"]

1. e4 c5 2. Nf3 e6 3. d4 cxd4 4. Nxd4 Nc6 5. Nc3 Qc7 6. Ndb5 Qb8 7. Be3 a6 8.
Nd4 Nf6 9. Qd2 Bb4 10. Bd3 Ne5 11. a3 Nxd3+ 12. cxd3 Be7 13. O-O b5 14. Nb3 O-O
15. f4 Rd8 16. e5 Ng4 17. h3 Nxe3 18. Qxe3 b4 19. axb4 Qxb4 20. Qe4 Qxb3 21.
Qxa8 Qb6+ 22. Kh1 Bb7 23. Na4 Qc6  0-1

[Event "LTU ch Semifinal 2021"]
[Site "Kaunas"]
[Date "2021.09.26"]
[Round "5"]
[Board "12"]
[White "Berginas, Sigitas"]
[Black "Vazgauskas, Povilas"]
[Result "0-1"]
[WhiteElo "1380"]
[BlackElo "1532"]
[PlyCount "87"]
[EventDate "2021.09.24"]
[EventRounds "8"]
[EventCountry "LTU"]

1. d4 Nf6 2. Nf3 d5 3. Bf4 e6 4. e3 Bd6 5. Bxd6 Qxd6 6. c3 O-O 7. Bd3 h6 8.
Nbd2 Nbd7 9. O-O e5 10. dxe5 Nxe5 11. Nxe5 Qxe5 12. Nf3 Qe7 13. h3 c6 14. Re1
Ne4 15. Bxe4 dxe4 16. Nd4 c5 17. Ne2 g5 18. Ng3 Rd8 19. Qe2 Rd3 20. f3 f5 21.
fxe4 fxe4 22. c4 Qe5 23. Nf1 Be6 24. b3 Rad8 25. Rad1 Qc3 26. Rc1 Qe5 27. Rcd1
Qd6 28. Rxd3 exd3 29. Qd2 g4 30. h4 g3 31. e4 Bg4 32. Re3 Be2 33. Nxg3 Bg4 34.
Nf5 Bxf5 35. exf5 Qd4 36. Kf1 Qf4+ 37. Kg1 Qxf5 38. Rg3+ Kh7 39. Rf3 Qe4 40.
Kf1 Qxh4 41. Rxd3 Qh1+ 42. Kf2 Rf8+ 43. Kg3 Rg8+ 44. Kf2  0-1

[Event "LTU ch Semifinal 2021"]
[Site "Kaunas"]
[Date "2021.09.26"]
[Round "5"]
[Board "13"]
[White "Vaiciunas, Giedrius"]
[Black "Plutaite, Ausra"]
[Result "1/2-1/2"]
[WhiteElo "1553"]
[BlackElo "1472"]
[PlyCount "49"]
[EventDate "2021.09.24"]
[EventRounds "8"]
[EventCountry "LTU"]

1. d4 e6 2. c4 d5 3. Nc3 Nf6 4. cxd5 exd5 5. Bg5 Nbd7 6. e3 Be7 7. Bd3 O-O 8.
Nge2 c6 9. O-O Ne4 10. Bxe7 Qxe7 11. Bxe4 dxe4 12. Qc2 f5 13. d5 cxd5 14. Nxd5
Qc5 15. Qxc5 Nxc5 16. b4 Nd3 17. Nef4 Nxf4 18. Nxf4 Bd7 19. Rfd1 Bc6 20. Ne6
Rf6 21. Nd4 a6 22. a4 Bd5 23. h3 Rc8 24. Rdc1 Rxc1+ 25. Rxc1  1/2-1/2

[Event "LTU ch Semifinal 2021"]
[Site "Kaunas"]
[Date "2021.09.26"]
[Round "5"]
[Board "14"]
[White "Barsciauskas, Gintautas"]
[Black "Praspaliauskas, Matas"]
[Result "0-1"]
[WhiteElo "1544"]
[BlackElo "1313"]
[PlyCount "76"]
[EventDate "2021.09.24"]
[EventRounds "8"]
[EventCountry "LTU"]

1. c4 Nf6 2. Nc3 d5 3. cxd5 Nxd5 4. Nf3 e6 5. g3 b6 6. Bg2 Bb7 7. O-O g6 8. Re1
Bg7 9. d4 O-O 10. e4 Ne7 11. Bg5 h6 12. Be3 Nd7 13. Qd2 Kh7 14. Rad1 Nf6 15.
Qc2 Rc8 16. h3 c6 17. Nh2 Qc7 18. f4 Kg8 19. Nf3 Rfd8 20. Bf2 Nd7 21. Nh4 a6
22. e5 Nd5 23. Ne4 Bf8 24. Kh2 c5 25. dxc5 Nxc5 26. Qb1 a5 27. Rc1 Nb4 28. Rf1
Ba6 29. Nf6+ Kg7 30. Bxc5 bxc5 31. Be4 Bxf1 32. Rxf1 c4 33. Bxg6 Rd2+ 34. Kh1
Nd3 35. Bxd3 cxd3 36. Nf3 Rc2 37. Ne1 Qc6+ 38. Kg1 Bc5+  0-1

[Event "LTU ch Semifinal 2021"]
[Site "Kaunas"]
[Date "2021.09.26"]
[Round "5"]
[Board "15"]
[White "Kavaliauskas, Tomas"]
[Black "Slusnys, Evaldas"]
[Result "0-1"]
[WhiteElo "1361"]
[BlackElo "1747"]
[PlyCount "72"]
[EventDate "2021.09.24"]
[EventRounds "8"]
[EventCountry "LTU"]

1. d4 d6 2. Nf3 Nf6 3. Bg5 Nbd7 4. e3 c6 5. Bd3 e5 6. dxe5 Nxe5 7. Nxe5 dxe5 8.
O-O Be7 9. Nd2 O-O 10. Ne4 Nxe4 11. Bxe7 Qxe7 12. Bxe4 Be6 13. Qe2 Rad8 14. c3
Rd6 15. Rfd1 Rfd8 16. Rxd6 Qxd6 17. h3 f5 18. Bc2 Qd2 19. Kf1 b5 20. Bb3 Bxb3
21. axb3 a5 22. Rb1 g6 23. Qxd2 Rxd2 24. Ke1 Rc2 25. g3 Kf7 26. h4 Ke6 27. Kf1
Kd5 28. Kg2 Ke4 29. Ra1 Rxb2 30. Rxa5 Rxb3 31. Ra7 Rxc3 32. Rxh7 b4 33. Rg7 b3
34. Rxg6 b2 35. h5 b1=Q 36. h6 Rc1  0-1

[Event "LTU ch Semifinal 2021"]
[Site "Kaunas"]
[Date "2021.09.27"]
[Round "6"]
[Board "1"]
[White "Vedrickas, Tautvydas"]
[Black "Kalvaitis, Sigitas"]
[Result "1-0"]
[WhiteElo "2359"]
[BlackElo "2171"]
[PlyCount "81"]
[EventDate "2021.09.24"]
[EventRounds "8"]
[EventCountry "LTU"]

1. d4 Nf6 2. c4 e6 3. Nf3 Bb4+ 4. Nbd2 b6 5. a3 Bxd2+ 6. Qxd2 Bb7 7. e3 O-O 8.
Be2 d6 9. O-O Nbd7 10. b4 Qe7 11. Bb2 a5 12. Qc2 e5 13. c5 bxc5 14. bxc5 Be4
15. Qd2 Rfd8 16. cxd6 cxd6 17. a4 Nd5 18. Ba3 Qf6 19. Rfc1 Nf8 20. Qd1 Qg6 21.
Qf1 exd4 22. Nxd4 Nb4 23. f3 Bb7 24. Bxb4 axb4 25. a5 Qg5 26. a6 Qxe3+ 27. Qf2
Qxf2+ 28. Kxf2 Bd5 29. Ra5 Be6 30. Nc6 Re8 31. Nxb4 Nd7 32. Bb5 Reb8 33. Rc7
Nb6 34. Nc6 Nd5 35. Rb7 Rc8 36. a7 Kf8 37. Nd4 Nf4 38. Bc6 Nd3+ 39. Kg3 Nc5 40.
Rb6 Nd7 41. Nxe6+  1-0

[Event "LTU ch Semifinal 2021"]
[Site "Kaunas"]
[Date "2021.09.27"]
[Round "6"]
[Board "2"]
[White "Salna, Aleksandras"]
[Black "Stremavicius, Pijus"]
[Result "0-1"]
[WhiteElo "2230"]
[BlackElo "2253"]
[PlyCount "118"]
[EventDate "2021.09.24"]
[EventRounds "8"]
[EventCountry "LTU"]

1. d4 d5 2. c4 e6 3. Nc3 Be7 4. Nf3 Nf6 5. Bf4 O-O 6. e3 c5 7. a3 cxd4 8. exd4
dxc4 9. Bxc4 Nbd7 10. O-O Nb6 11. Ba2 Nbd5 12. Bg5 Bd7 13. Rc1 Bc6 14. Ne5 Rc8
15. Bb1 g6 16. Ba2 Nxc3 17. bxc3 Nd7 18. Nxc6 bxc6 19. Bh6 Re8 20. Rb1 Nb6 21.
Qg4 Nd5 22. Rb7 Rc7 23. Rxc7 Qxc7 24. c4 Nc3 25. Bb3 Qb6 26. Bd1 Rd8 27. c5 Qb2
28. Bf3 Rxd4 29. Bc1 Rxg4 30. Bxb2 Rc4 31. Rc1 Bf6 32. Bxc3 Bxc3 33. Bxc6 Rxc5
34. Ba4 Ra5 35. Rxc3 Rxa4 36. f3 Kg7 37. Kf2 h5 38. Rd3 g5 39. h3 h4 40. Rc3 f5
41. Rb3 Kf6 42. Rc3 a5 43. Ke2 Ke5 44. Ke3 Kd5 45. Rb3 Kc4 46. Rd3 e5 47. Ke2
e4 48. fxe4 fxe4 49. Re3 Kd4 50. Rb3 Rc4 51. Kd2 e3+ 52. Kd1 Rc5 53. Rb8 Ke4
54. Ke2 Rc2+ 55. Kf1 Rf2+ 56. Kg1 Rf5 57. Re8+ Kd3 58. g3 e2 59. Kg2 Rf1  0-1

[Event "LTU ch Semifinal 2021"]
[Site "Kaunas"]
[Date "2021.09.27"]
[Round "6"]
[Board "3"]
[White "Steponavicius, Stasys"]
[Black "Pidluznij, Gleb"]
[Result "1/2-1/2"]
[WhiteElo "2194"]
[BlackElo "2008"]
[PlyCount "101"]
[EventDate "2021.09.24"]
[EventRounds "8"]
[EventCountry "LTU"]

1. d4 Nf6 2. c4 c5 3. d5 b5 4. Qc2 d6 5. e4 g6 6. Bd3 b4 7. b3 Bg7 8. Bb2 O-O
9. Nf3 e5 10. dxe6 Bxe6 11. O-O Nc6 12. Nbd2 Ng4 13. Bxg7 Kxg7 14. Qb2+ Qf6 15.
Qxf6+ Kxf6 16. Rae1 a5 17. Bb1 a4 18. h3 Nge5 19. Nh4 axb3 20. axb3 Kg5 21. g3
Bxh3 22. f4+ Kh6 23. fxe5 Bxf1 24. Rxf1 dxe5 25. Nhf3 Rfd8 26. Kf2 f6 27. Ke3
Rd6 28. Rc1 Kg7 29. Ne1 Nd4 30. Nd3 Rc6 31. Bc2 Ra1 32. Bd1 Ra3 33. Rb1 h5 34.
Nf3 Nxf3 35. Bxf3 Kf7 36. Bd1 Ra2 37. Rb2 Rxb2 38. Nxb2 Kg7 39. Nd3 Kh6 40. Be2
Rc7 41. Bf1 Kg5 42. Bh3 Kh6 43. Be6 g5 44. Bh3 Kg7 45. Bf1 Kg6 46. Be2 Rc8 47.
Bd1 g4 48. Be2 Kg5 49. Kf2 Rc6 50. Bf1 Rc7 51. Be2  1/2-1/2

[Event "LTU ch Semifinal 2021"]
[Site "Kaunas"]
[Date "2021.09.27"]
[Round "6"]
[Board "4"]
[White "Povilaitis, Tomas"]
[Black "Eigminas, Kipras"]
[Result "1-0"]
[WhiteElo "1973"]
[BlackElo "2140"]
[PlyCount "93"]
[EventDate "2021.09.24"]
[EventRounds "8"]
[EventCountry "LTU"]

1. e4 c5 2. Nc3 Nc6 3. Bb5 Nd4 4. Bc4 Nf6 5. Nge2 a6 6. d3 b5 7. Bb3 Nxb3 8.
axb3 Bb7 9. O-O e6 10. f4 Qb6 11. Kh1 Qc6 12. f5 b4 13. Na4 Be7 14. fxe6 fxe6
15. Nf4 O-O 16. c3 e5 17. Nh3 d5 18. exd5 Nxd5 19. Rxf8+ Rxf8 20. Qe2 Qg6 21.
Bd2 Nf4 22. Bxf4 exf4 23. Ng1 Bd6 24. Re1 Bd5 25. c4 Bf7 26. Nf3 Re8 27. Qd2
Rxe1+ 28. Nxe1 Qf6 29. Nf3 g5 30. d4 g4 31. dxc5 Bc7 32. Qd4 Qe7 33. Ng1 h5 34.
Nb6 Be5 35. Qe4 f3 36. gxf3 Qg5 37. fxg4 hxg4 38. Nd7 Bc7 39. Qxg4 Qxg4 40.
Nf6+ Kg7 41. Nxg4 Bg6 42. Nf3 Bf4 43. Nfe5 Be4+ 44. Kg1 Kf8 45. c6 Ke7 46. c7
Bb7 47. Ng6+  1-0

[Event "LTU ch Semifinal 2021"]
[Site "Kaunas"]
[Date "2021.09.27"]
[Round "6"]
[Board "5"]
[White "Morkunas, Gustas"]
[Black "Greicius, Pijus"]
[Result "1/2-1/2"]
[WhiteElo "1885"]
[BlackElo "2080"]
[PlyCount "84"]
[EventDate "2021.09.24"]
[EventRounds "8"]
[EventCountry "LTU"]

1. e4 e5 2. Nf3 Nc6 3. Bb5 a6 4. Ba4 Nf6 5. d3 b5 6. Bb3 Bc5 7. c3 d6 8. h3 h6
9. O-O O-O 10. Re1 Re8 11. d4 Bb6 12. Be3 exd4 13. Nxd4 Na5 14. Bc2 Bb7 15. Nd2
d5 16. b4 Nc4 17. Nxc4 bxc4 18. exd5 Qxd5 19. f3 Rad8 20. Qd2 c5 21. bxc5 Qxc5
22. Bf2 Rxe1+ 23. Rxe1 Qa3 24. Rb1 Qd6 25. a4 Ba8 26. Re1 Bc7 27. Qe3 Nd5 28.
Qe8+ Qf8 29. Qxf8+ Kxf8 30. Ne2 Be5 31. Rd1 Re8 32. Be4 Nxc3 33. Nxc3 Bxc3 34.
Bxa8 Rxa8 35. Rc1 Be5 36. Rxc4 Rb8 37. g3 Rb1+ 38. Kg2 Rb2 39. f4 Bf6 40. Kf3
Ra2 41. Bb6 Ra3+ 42. Kf2 Ra2+  1/2-1/2